Musical To Quote - Statistics

General Stats
  • This quiz has been taken 4 times
  • The average score is 7 of 13
Answer Stats
Hint Answer % Correct
"Raise a glass to freedom!" Hamilton
100%
"I wanna watch the world burn." Mean Girls
100%
"The things we do today will be tomorrow's news! Newsies
100%
"Everyone deserves the chance to fly." Wicked
100%
"You're never fully dressed without a smile!" Annie
67%
"Past the point of no return; no backward glances. The games we've played 'til now are at an end. The Phantom of the Opera
67%
"Today, at least you're you, and that's enough." Dear Evan Hansen
33%
"Far from skid row, I dream I'll go somewhere that's green." Little Shop of Horrors
33%
"Life is pandemonium." The 25th Annual Putnam County Spelling Bee
33%
"You cannot just believe partway, you have to believe in it all." The Book of Mormon
33%
"Kiss today goodbye, and point me toward tomorrow..." A Chorus Line
0%
"It was a ball, it was a blast, and it's a shame, it couldn't last, but every chapter has to end you must agree." Dirty Rotten Scoundrels
0%
"I'll go eat some breakfast and then I'll change the world." Hairspray
0%
No matching quizzes found
Score Distribution
Percent of People with Each Score
Percentile by Number Answered
Your Score History
You have not taken this quiz